Návrh a realizácia malého IS s využitím UML

Saved in:
Bibliographic Details
Main Author: Taranda, Ondrej, 1986- (Author)
Other Authors: Tanuška, Pavol, 1966- (Thesis advisor)
Format: Manuscript Book
Language:Slovak
Published: Trnava : STU v Bratislave MTF, 2010
Subjects:
Online Access:VAIS
Tags: Add Tag
No Tags, Be the first to tag this record!

MARC

LEADER 00000ntm a22000003a 4500
001 stu219269
005 20160719160424.7
008 101211s2010----xo------------------slo-d
040 |a STU  |b slo 
041 0 |a slo 
044 |a xo 
100 1 |a Taranda, Ondrej,  |d 1986-  |4 aut  |X 25260  |7 A000025260 
242 0 0 |a Design and realization of small information system using UML  |y eng 
245 1 |a Návrh a realizácia malého IS s využitím UML 
260 |a Trnava :  |b STU v Bratislave MTF,  |c 2010 
650 7 |a UML  |2 stusub 
650 7 |a dátová analýza  |2 stusub 
650 7 |a UML  |2 stusub 
650 7 |a aplikovaná informatika a automatizácia v priemysle  |2 stusub 
650 7 |a Applied Informatics and Automation in Industry  |2 estusub 
700 1 |a Tanuška, Pavol,  |d 1966-  |4 ths  |u M6000  |U MTF Materiálovotechnologická fakulta  |T MTF Ústav aplikovanej informatiky, automatizácie a matematiky  |X 248  |U M6000  |Y 86  |7 A000000248 
856 4 |a info a plný text  |u http://is.stuba.sk/zp/portal_zp.pl?podrobnosti=53111  |3 VAIS